[Event "Mittelfr. Einzelmeisterschaft 2024 - HT"]
[Site "Nürnberg"]
[Date "2024.03.30"]
[Round "4.1"]
[White "Heidrich, Manfred"]
[Black "Bildt, Maximilian"]
[Result "1/2-1/2"]
[WhiteElo "2280"]
[BlackElo "2102"]
[PlyCount "60"]
[EventDate "2024.??.??"]
[WhiteTeam "SC Forchheim e.V."]
[BlackTeam "SGem 1882 Fürth"]

1. e4 c5 2. c3 d5 3. exd5 Qxd5 4. d4 Nf6 5. Nf3 Bg4 6. dxc5 Qxc5 7. h3 Bh5 8.
Be3 Qc7 9. g4 Bg6 10. g5 Nfd7 11. Nbd2 Nc6 12. Nh4 e5 13. Nxg6 hxg6 14. Qf3 Bc5
15. Bc4 Rf8 16. O-O-O O-O-O 17. Ne4 Bxe3+ 18. fxe3 Nb6 19. Bb3 Kb8 20. h4 f5
21. gxf6 gxf6 22. Qg3 Rxd1+ 23. Rxd1 Ne7 24. Rf1 f5 25. Ng5 f4 26. Qe1 Qd6 27.
exf4 Rxf4 28. Rxf4 exf4 29. Qe4 Qf6 30. Kd1 Nc6 1/2-1/2

[Event "Mittelfr. Einzelmeisterschaft 2024 - HT"]
[Site "Nürnberg"]
[Date "2024.03.30"]
[Round "4.2"]
[White "Ammon, Tobias"]
[Black "Pranava Ravikumar"]
[Result "1-0"]
[WhiteElo "2184"]
[BlackElo "1915"]
[PlyCount "109"]
[EventDate "2024.??.??"]
[WhiteTeam "SV Altensittenbach"]
[BlackTeam "SC Schwarz-Weiß Nürnberg"]

1. e4 c5 2. Nf3 d6 3. Bb5+ Bd7 4. Bxd7+ Qxd7 5. O-O Nc6 6. c3 Nf6 7. d4 e6 8.
d5 exd5 9. exd5 Ne7 10. Re1 g6 11. c4 Bg7 12. Qe2 Kf8 13. Nc3 Re8 14. Qc2 h6
15. Rb1 Rc8 16. h3 g5 17. a4 Ng6 18. Ne2 Nh5 19. b4 b6 20. bxc5 bxc5 21. Rb5
Kg8 22. Qb1 Kh7 23. g4 Nf6 24. Ng3 Nxg4 25. hxg4 Qxg4 26. Qe4 Qh3 27. Bxg5 Rhe8
28. Qf5 Qxf5 29. Nxf5 Rxe1+ 30. Nxe1 hxg5 31. Nxd6 Rc7 32. Nd3 Bd4 33. Rb7 Rxb7
34. Nxb7 Ne7 35. Nbxc5 g4 36. Kg2 f5 37. Ne6 Bf6 38. Nb4 Kg6 39. Nc6 Nc8 40. c5
Be7 41. Nxe7+ Nxe7 42. d6 Nc6 43. d7 f4 44. d8=Q Nxd8 45. Nxd8 Kf6 46. Nc6 Ke6
47. Nxa7 Kd5 48. c6 Kd6 49. a5 Kc7 50. Kf1 Kd6 51. Ke2 Kc7 52. Kd3 Kd6 53. Ke4
g3 54. fxg3 fxg3 55. Kf3 1-0

[Event "Mittelfr. Einzelmeisterschaft 2024 - HT"]
[Site "Nürnberg"]
[Date "2024.03.30"]
[Round "4.3"]
[White "Meulner, Klaus"]
[Black "Mederer, Lukas"]
[Result "1-0"]
[WhiteElo "2029"]
[BlackElo "1901"]
[PlyCount "81"]
[EventDate "2024.??.??"]
[WhiteTeam "SC Schwarz-Weiß Nürnberg Süd e.V"]
[BlackTeam "Allersberger SC 2000 e.V."]

1. d4 d5 2. Nf3 c6 3. Bf4 Nf6 4. e3 Bf5 5. c4 dxc4 6. Bxc4 e6 7. Nc3 Be7 8. O-O
O-O 9. h3 h6 10. Qe2 Nbd7 11. e4 Bh7 12. Rfd1 Bb4 13. Bd3 Re8 14. Rac1 Rc8 15.
a3 Ba5 16. b4 Bc7 17. Bxc7 Qxc7 18. e5 Bxd3 19. Qxd3 Nd5 20. Nxd5 exd5 21. Nh4
a5 22. Nf5 Re6 23. Qg3 g5 24. f4 Qd8 25. Ne3 axb4 26. axb4 Ra8 27. Rc3 Ra4 28.
f5 Re8 29. h4 Rxb4 30. Ng4 Kh7 31. f6 Rh8 32. Nxh6 Nxf6 33. exf6 Qxf6 34. hxg5
Qg6 35. Rf3 Rf8 36. Rf6 Rb1 37. Rxb1 Qxb1+ 38. Kh2 Kg7 39. Qe5 Kh7 40. Qe2 Qe4
41. Rxf7+ 1-0

[Event "Mittelfr. Einzelmeisterschaft 2024 - HT"]
[Site "Nürnberg"]
[Date "2024.03.30"]
[Round "4.4"]
[White "Redzepovic, Irfan"]
[Black "Link, Andreas"]
[Result "0-1"]
[WhiteElo "2047"]
[BlackElo "2064"]
[PlyCount "64"]
[EventDate "2024.??.??"]
[WhiteTeam "SC Schwarz-Weiß Nürnberg Süd e.V"]
[BlackTeam "Spvg Zabo-Eintracht Nürnberg e.V"]

1. Nf3 Nf6 2. b3 g6 3. Bb2 Bg7 4. d4 d5 5. e3 O-O 6. c4 c5 7. dxc5 Qa5+ 8. Nbd2
Qxc5 9. Bd4 Qa5 10. a3 Nc6 11. b4 Qc7 12. Bb2 dxc4 13. Bxc4 a6 14. Rc1 b5 15.
Ba2 Bb7 16. O-O Qd6 17. Qb3 e5 18. Rfd1 Qe7 19. Ng5 a5 20. bxa5 Nxa5 21. Qxb5
Nh5 22. Nge4 Bxe4 23. Nxe4 Rab8 24. Qxa5 Rxb2 25. Rc7 Qh4 26. Bxf7+ Kh8 27. Qc3
Rb6 28. f3 Nf6 29. Nd6 e4 30. Bd5 Rxd6 31. fxe4 Ne8 32. Qc5 Qf2+ 0-1

[Event "Mittelfr. Einzelmeisterschaft 2024 - HT"]
[Site "Nürnberg"]
[Date "2024.03.30"]
[Round "4.5"]
[White "Auburger, Philipp"]
[Black "Kroneder, Christian"]
[Result "1/2-1/2"]
[WhiteElo "1990"]
[BlackElo "2034"]
[PlyCount "45"]
[EventDate "2024.??.??"]
[WhiteTeam "SC Forchheim e.V."]
[BlackTeam "SK Schwanstetten 79 e.V."]

1. e4 c5 2. c3 Nf6 3. e5 Nd5 4. Nf3 d6 5. Bc4 Nb6 6. Bb3 c4 7. Bc2 dxe5 8. Nxe5
Qd5 9. Qe2 f6 10. Qh5+ g6 11. Bxg6+ hxg6 12. Qxg6+ Kd8 13. Nf7+ Kc7 14. Nxh8
Bf5 15. Qg3+ e5 16. O-O N8d7 17. Ng6 Bd6 18. Nh4 Rg8 19. Qxg8 Qxg8 20. Nxf5 Bf8
21. b3 Qg6 22. Ne3 f5 23. f3 1/2-1/2

[Event "Mittelfr. Einzelmeisterschaft 2024 - HT"]
[Site "Nürnberg"]
[Date "2024.03.30"]
[Round "4.6"]
[White "Alf, Michael"]
[Black "Zeltner, Ottmar"]
[Result "1/2-1/2"]
[WhiteElo "2028"]
[BlackElo "1972"]
[PlyCount "56"]
[EventDate "2024.??.??"]
[WhiteTeam "SK Leutershausen"]
[BlackTeam "SK Rothenburg e.V."]

1. Nf3 g6 2. d4 Bg7 3. c4 d6 4. Nc3 Nc6 5. d5 Ne5 6. Nxe5 Bxe5 7. e4 c5 8. Be2
Bd7 9. O-O h5 10. Be3 Nf6 11. f3 e6 12. Qd2 exd5 13. cxd5 Nh7 14. f4 Bg7 15.
Rae1 O-O 16. f5 Re8 17. fxg6 fxg6 18. Bd3 Be5 19. Bf4 Qe7 20. Kh1 Rf8 21. Bxe5
Qxe5 22. Qh6 Qg7 23. Qxg7+ Kxg7 24. Kg1 Rxf1+ 25. Rxf1 Re8 26. Re1 Ng5 27. h4
Nf7 28. Bb5 Rd8 1/2-1/2

[Event "Mittelfr. Einzelmeisterschaft 2024 - HT"]
[Site "Nürnberg"]
[Date "2024.03.30"]
[Round "4.7"]
[White "Rosenboom, Niko"]
[Black "Vennemann, Jürgen"]
[Result "1-0"]
[WhiteElo "1899"]
[BlackElo "1896"]
[PlyCount "41"]
[EventDate "2024.??.??"]
[WhiteTeam "SGem 1882 Fürth"]
[BlackTeam "SC Hersbruck"]

1. e4 d6 2. d4 Nf6 3. Nc3 e5 4. Nf3 Nbd7 5. Bc4 Be7 6. O-O c6 7. a4 a5 8. Re1
O-O 9. h3 Qc7 10. Qd3 exd4 11. Qxd4 Nc5 12. Be3 Be6 13. Rad1 Bxc4 14. Qxc4
Nfxe4 15. Nxe4 d5 16. Nf6+ gxf6 17. Qh4 f5 18. Ng5 Bxg5 19. Qxg5+ Kh8 20. Qf6+
Kg8 21. Bxc5 1-0

[Event "Mittelfr. Einzelmeisterschaft 2024 - HT"]
[Site "Nürnberg"]
[Date "2024.03.30"]
[Round "5.1"]
[White "Bildt, Maximilian"]
[Black "Meulner, Klaus"]
[Result "1-0"]
[WhiteElo "2102"]
[BlackElo "2029"]
[PlyCount "89"]
[EventDate "2024.??.??"]
[WhiteTeam "SGem 1882 Fürth"]
[BlackTeam "SC Schwarz-Weiß Nürnberg Süd e.V"]

1. e4 e5 2. Nf3 Nc6 3. Bb5 Nge7 4. O-O Ng6 5. d4 exd4 6. Nxd4 Bc5 7. Be3 Bxd4
8. Bxd4 Qg5 9. Be2 Nxd4 10. Qxd4 Nf4 11. Bf3 Qxg2+ 12. Bxg2 Ne2+ 13. Kh1 Nxd4
14. Na3 d6 15. Rad1 Ne6 16. f4 Bd7 17. f5 Nd8 18. f6 gxf6 19. Rxf6 Ke7 20. Rdf1
Rg8 21. R1f2 Rg6 22. R6f4 Rg7 23. Nc4 Ne6 24. Rh4 Rag8 25. Ne3 Ng5 26. Nd5+ Kd8
27. Nf6 Rh8 28. e5 Bc6 29. Bxc6 bxc6 30. exd6 cxd6 31. Ra4 Ke7 32. Rxa7+ Ke6
33. h4 Nh3 34. Rf1 Rb8 35. Ra3 d5 36. Re3+ Kd6 37. Rxh3 Rg6 38. b3 Rb4 39. c3
Rb8 40. Nxh7 Re8 41. Rf6+ Rxf6 42. Nxf6 Re1+ 43. Kg2 Ke5 44. Ng4+ Kf4 45. Nf2
1-0

[Event "Mittelfr. Einzelmeisterschaft 2024 - HT"]
[Site "Nürnberg"]
[Date "2024.03.30"]
[Round "5.2"]
[White "Ammon, Tobias"]
[Black "Heidrich, Manfred"]
[Result "1/2-1/2"]
[WhiteElo "2184"]
[BlackElo "2280"]
[PlyCount "58"]
[EventDate "2024.??.??"]
[WhiteTeam "SV Altensittenbach"]
[BlackTeam "SC Forchheim e.V."]

1. e4 e5 2. Nf3 Nc6 3. d4 exd4 4. Nxd4 Nf6 5. Nxc6 bxc6 6. e5 Qe7 7. Qe2 Nd5 8.
h4 d6 9. c4 Nb6 10. exd6 cxd6 11. Be3 Be6 12. Nd2 d5 13. g3 Qd7 14. Bxb6 axb6
15. Bg2 Be7 16. O-O O-O 17. cxd5 Bxd5 18. Bxd5 Qxd5 19. Nc4 Bc5 20. Rfd1 Qf5
21. Nd6 Qg6 22. Qe5 Rad8 23. Nf5 Rde8 24. Qf4 Qf6 25. b4 Bxb4 26. Qxb4 Qxf5 27.
Qxb6 Re2 28. Re1 Rxe1+ 29. Rxe1 Qb5 1/2-1/2

[Event "Mittelfr. Einzelmeisterschaft 2024 - HT"]
[Site "Nürnberg"]
[Date "2024.03.30"]
[Round "5.3"]
[White "Link, Andreas"]
[Black "Pranava Ravikumar"]
[Result "0-1"]
[WhiteElo "2064"]
[BlackElo "1915"]
[PlyCount "92"]
[EventDate "2024.??.??"]
[WhiteTeam "Spvg Zabo-Eintracht Nürnberg e.V"]
[BlackTeam "SC Schwarz-Weiß Nürnberg"]

1. e4 c5 2. Nf3 Nc6 3. d4 cxd4 4. Nxd4 Nf6 5. Nc3 d6 6. Bc4 Bd7 7. f3 a6 8. Be3
Rc8 9. Bb3 e6 10. g4 h6 11. Qe2 b5 12. a4 b4 13. Na2 Nxd4 14. Bxd4 a5 15. Nc1
Be7 16. Nd3 e5 17. Bf2 Qc7 18. h4 Be6 19. O-O O-O 20. Rac1 Bc4 21. Bg3 Qd7 22.
Bxc4 Rxc4 23. Nxe5 dxe5 24. Qxc4 Rc8 25. Qd3 Qxa4 26. Bxe5 Qc6 27. Bg3 h5 28.
g5 Nd7 29. Qd5 Qb6+ 30. Bf2 Qc7 31. g6 Ne5 32. gxf7+ Kf8 33. Bg3 Qb6+ 34. Kg2
Nc4 35. Bf2 Ne3+ 36. Bxe3 Qxe3 37. Qd3 Qf4 38. Rcd1 Rc6 39. Rh1 Rg6+ 40. Kf1
Qg3 41. Rd2 Rd6 42. Rg2 Qf4 43. Qe2 Qc1+ 44. Kf2 Qxh1 45. Qb5 Bxh4+ 46. Ke3
Qc1+ 0-1

[Event "Mittelfr. Einzelmeisterschaft 2024 - HT"]
[Site "Nürnberg"]
[Date "2024.03.30"]
[Round "5.4"]
[White "Mederer, Lukas"]
[Black "Auburger, Philipp"]
[Result "1/2-1/2"]
[WhiteElo "1901"]
[BlackElo "1990"]
[PlyCount "61"]
[EventDate "2024.??.??"]
[WhiteTeam "Allersberger SC 2000 e.V."]
[BlackTeam "SC Forchheim e.V."]

1. e4 e5 2. Nf3 Nf6 3. Nxe5 d6 4. Nf3 Nxe4 5. Nc3 Nxc3 6. dxc3 Be7 7. Be3 Nc6
8. Qd2 O-O 9. O-O-O Be6 10. Kb1 Ne5 11. b3 Nxf3 12. gxf3 a5 13. Rg1 Bf6 14. a4
Qe7 15. Bd3 d5 16. Bh6 Kh8 17. Bg5 Bxg5 18. Rxg5 f5 19. Rdg1 Rf7 20. Qf4 Qf6
21. Qd4 Qxd4 22. cxd4 Re8 23. Re1 g6 24. f4 Kg7 25. Rg3 Kf6 26. c4 dxc4 27.
Bxc4 Rfe7 28. Re5 c6 29. Kc2 Bxc4 30. bxc4 Rd8 31. Rge3 1/2-1/2

[Event "Mittelfr. Einzelmeisterschaft 2024 - HT"]
[Site "Nürnberg"]
[Date "2024.03.30"]
[Round "5.5"]
[White "Zeltner, Ottmar"]
[Black "Rosenboom, Niko"]
[Result "0-1"]
[WhiteElo "1972"]
[BlackElo "1899"]
[PlyCount "62"]
[EventDate "2024.??.??"]
[WhiteTeam "SK Rothenburg e.V."]
[BlackTeam "SGem 1882 Fürth"]

1. e4 c5 2. Nf3 e6 3. d4 cxd4 4. Nxd4 a6 5. Nc3 b5 6. a3 Bb7 7. Be3 Qc7 8. Qd2
Nf6 9. f3 Nc6 10. Bd3 Rc8 11. Nxc6 Bxc6 12. Ne2 d5 13. exd5 Nxd5 14. Bf2 Bd6
15. c3 O-O 16. Qg5 Rfd8 17. Qh4 g6 18. O-O Be7 19. Qh3 Nxc3 20. Nxc3 Rxd3 21.
Rac1 Qb7 22. Rfe1 Rcd8 23. Ne2 Bg5 24. Rc5 Bd2 25. Rb1 Bd5 26. Qg3 Bc4 27. h4
Ba5 28. Qe5 R3d5 29. Rxd5 Rxd5 30. Qe3 Bd2 31. Qe4 Bd3 0-1

[Event "Mittelfr. Einzelmeisterschaft 2024 - HT"]
[Site "Nürnberg"]
[Date "2024.03.30"]
[Round "5.6"]
[White "Kroneder, Christian"]
[Black "Redzepovic, Irfan"]
[Result "0-1"]
[WhiteElo "2034"]
[BlackElo "2047"]
[PlyCount "58"]
[EventDate "2024.??.??"]
[WhiteTeam "SK Schwanstetten 79 e.V."]
[BlackTeam "SC Schwarz-Weiß Nürnberg Süd e.V"]

1. d4 Nf6 2. Nf3 e6 3. Bf4 b6 4. e3 Bb7 5. Be2 Be7 6. h3 d6 7. O-O h6 8. Nfd2
g5 9. Bh2 h5 10. Bf3 Nc6 11. c4 Qd7 12. Nc3 g4 13. hxg4 hxg4 14. Bxg4 Nxg4 15.
Qxg4 O-O-O 16. d5 Rdg8 17. Qf3 Nd8 18. Rfe1 f5 19. Nf1 Nf7 20. Qe2 Ng5 21. f4
Nh7 22. Rad1 Bh4 23. g3 Nf6 24. e4 Qh7 25. Rd3 Nh5 26. Qe3 e5 27. Ne2 exf4 28.
Nxf4 Bg5 29. Kf2 Nf6 0-1

[Event "Mittelfr. Einzelmeisterschaft 2024 - HT"]
[Site "Nürnberg"]
[Date "2024.03.30"]
[Round "5.7"]
[White "Kanewski, Josef"]
[Black "Alf, Michael"]
[Result "1-0"]
[WhiteElo "1975"]
[BlackElo "2028"]
[PlyCount "81"]
[EventDate "2024.??.??"]
[WhiteTeam "SC Schwarz-Weiß Nürnberg Süd e.V"]
[BlackTeam "SK Leutershausen"]

1. d4 Nf6 2. c4 c5 3. d5 b5 4. cxb5 a6 5. b6 Qxb6 6. Nc3 d6 7. e4 g6 8. Nf3 Bg7
9. Bd3 O-O 10. Nd2 Qc7 11. O-O Nbd7 12. Nc4 Nb6 13. Qe2 Nxc4 14. Bxc4 Nd7 15.
Qc2 Rb8 16. Be2 Bd4 17. b3 e5 18. dxe6 fxe6 19. Bb2 Be5 20. Na4 Bb7 21. Bg4
Rbe8 22. g3 Bxb2 23. Nxb2 Ne5 24. Be2 Nc6 25. Rad1 Qe7 26. f4 Nd4 27. Qd3 Bc6
28. Qe3 Kg7 29. Bd3 a5 30. Nc4 Ra8 31. Nd2 Rfb8 32. Nf3 Nxf3+ 33. Rxf3 a4 34.
Bc4 axb3 35. Bxb3 Rb4 36. Qc3+ Kg8 37. Rfd3 d5 38. exd5 exd5 39. Rxd5 c4 40.
Bxc4 Qa7+ 41. Rc5+ 1-0

[Event "Mittelfr. Einzelmeisterschaft 2024 - HT"]
[Site "Nürnberg"]
[Date "2024.03.30"]
[Round "5.8"]
[White "Vennemann, Jürgen"]
[Black "König, Oliver"]
[Result "0-1"]
[WhiteElo "1896"]
[BlackElo "2011"]
[PlyCount "92"]
[EventDate "2024.??.??"]
[WhiteTeam "SC Hersbruck"]
[BlackTeam "SGem 1882 Fürth"]

1. e4 Nc6 2. Nf3 d6 3. d3 g6 4. c3 Bg7 5. Be2 Nf6 6. O-O O-O 7. Nbd2 a5 8. a4
Bh6 9. Nc4 Bxc1 10. Rxc1 e5 11. Re1 Nh5 12. d4 Qe8 13. d5 Ne7 14. Nfxe5 dxe5
15. Bxh5 gxh5 16. Qxh5 Ng6 17. Re3 Kh8 18. Rd1 f6 19. d6 Be6 20. Na3 cxd6 21.
Rxd6 Rd8 22. Nb5 Rxd6 23. Nxd6 Qxa4 24. h4 Rg8 25. g3 Qa1+ 26. Kh2 Qf1 27. Qf3
Qh3+ 28. Kg1 Nxh4 29. Qxf6+ Rg7 30. Qd8+ Bg8 31. Nf7+ Rxf7 32. gxh4 Rg7+ 33.
Rg3 Rxg3+ 34. fxg3 Qxg3+ 35. Kf1 Kg7 36. Qe7+ Kg6 37. Qe8+ Bf7 38. h5+ Kf6 39.
Qh8+ Ke7 40. Qxh7 Qf3+ 41. Ke1 Qxh5 42. Qg7 Qh4+ 43. Kd2 Qf4+ 44. Kd3 Qf3+ 45.
Kd2 Qxe4 46. Qh6 Qf4+ 0-1

[Event "Mittelfr. Einzelmeisterschaft 2024 - HT"]
[Site "Nürnberg"]
[Date "2024.03.31"]
[Round "6.1"]
[White "Rosenboom, Niko"]
[Black "Bildt, Maximilian"]
[Result "1-0"]
[WhiteElo "1899"]
[BlackElo "2102"]
[PlyCount "171"]
[EventDate "2024.??.??"]
[WhiteTeam "SGem 1882 Fürth"]
[BlackTeam "SGem 1882 Fürth"]

1. e4 c5 2. Nf3 d6 3. Bb5+ Bd7 4. Bxd7+ Qxd7 5. c4 Nf6 6. Nc3 Nc6 7. d4 cxd4 8.
Nxd4 g6 9. f3 Bg7 10. Be3 O-O 11. O-O Rac8 12. b3 Rfd8 13. Qd2 Qe8 14. Rad1 Nd7
15. Ncb5 a6 16. Nxc6 bxc6 17. Na7 Ra8 18. Nxc6 Rdc8 19. Nb4 a5 20. Nd5 a4 21.
Bg5 Bf8 22. Rb1 axb3 23. axb3 Rab8 24. Rfc1 Rb7 25. Qe2 h6 26. Bh4 Rcb8 27. Qd1
Nb6 28. Nxb6 Rxb6 29. Be1 Bg7 30. b4 Qc8 31. b5 R6b7 32. Bf2 Ra8 33. Qb3 h5 34.
Be3 Qe6 35. Rc2 Be5 36. Ra2 Rc8 37. Rc1 Qf6 38. Qd1 Bf4 39. Qd2 Bxe3+ 40. Qxe3
Qe6 41. Ra4 Qe5 42. Rb1 Qc5 43. Qxc5 Rxc5 44. Kf2 f5 45. Ke3 Kf7 46. Kd4 Ke6
47. Ra6 Kd7 48. Rba1 Rbc7 49. R1a4 h4 50. b6 Rb7 51. Ra7 Kc6 52. Rxb7 Kxb7 53.
Ra7+ Kxb6 54. Rxe7 fxe4 55. Rxe4 g5 56. Rg4 Rf5 57. Ke3 Kc5 58. g3 hxg3 59.
hxg3 Re5+ 60. Kd3 Rf5 61. Ke2 Re5+ 62. Kf2 d5 63. cxd5 Kxd5 64. f4 gxf4 65.
Rxf4 Ke6 66. g4 Rg5 67. Kg3 Rg8 68. Rf5 Rh8 69. Kf4 Rh7 70. Kg5 Rg7+ 71. Kh5
Rg8 72. Rg5 Rh8+ 73. Kg6 Ra8 74. Kh7 Ra7+ 75. Rg7 Ra1 76. Kg6 Ra6 77. g5 Ke5+
78. Kh7 Kf5 79. g6 Kg5 80. Rb7 Ra1 81. g7 Rh1+ 82. Kg8 Kg6 83. Rb6+ Kg5 84. Kf8
Rf1+ 85. Ke7 Re1+ 86. Re6 1-0

[Event "Mittelfr. Einzelmeisterschaft 2024 - HT"]
[Site "Nürnberg"]
[Date "2024.03.31"]
[Round "6.2"]
[White "Pranava Ravikumar"]
[Black "Heidrich, Manfred"]
[Result "0-1"]
[WhiteElo "1915"]
[BlackElo "2280"]
[PlyCount "70"]
[EventDate "2024.??.??"]
[WhiteTeam "SC Schwarz-Weiß Nürnberg"]
[BlackTeam "SC Forchheim e.V."]

1. d4 f5 2. Bg5 g6 3. Nc3 Bg7 4. e3 d5 5. Nf3 Nh6 6. h4 Nf7 7. Bf4 c6 8. h5 e6
9. hxg6 hxg6 10. Rxh8+ Bxh8 11. Bd3 Nd7 12. g4 fxg4 13. Ne5 Ndxe5 14. dxe5 Bxe5
15. Qxg4 Bxc3+ 16. bxc3 e5 17. Qxg6 exf4 18. exf4 Kf8 19. O-O-O Qd6 20. Qg3 Bd7
21. Bg6 Qf6 22. Rg1 Re8 23. Qh2 Bf5 24. Bxf7 Kxf7 25. Rg5 Rf8 26. Qh5+ Ke7 27.
Kb2 Kd8 28. Qe2 Kc8 29. Qe3 Kb8 30. Qc5 Bc8 31. Re5 Qxf4 32. Re2 Rd8 33. Qa5
Qc7 34. Qa4 Qb6+ 35. Kc1 d4 0-1

[Event "Mittelfr. Einzelmeisterschaft 2024 - HT"]
[Site "Nürnberg"]
[Date "2024.03.31"]
[Round "6.3"]
[White "Meulner, Klaus"]
[Black "Ammon, Tobias"]
[Result "0-1"]
[WhiteElo "2029"]
[BlackElo "2184"]
[PlyCount "68"]
[EventDate "2024.??.??"]
[WhiteTeam "SC Schwarz-Weiß Nürnberg Süd e.V"]
[BlackTeam "SV Altensittenbach"]

1. d4 d5 2. c4 c6 3. cxd5 cxd5 4. Bf4 Nf6 5. Nc3 Qb6 6. e3 Bf5 7. Bb5+ Nc6 8.
Nf3 a6 9. Bxc6+ bxc6 10. O-O Nh5 11. Na4 Qa5 12. Be5 f6 13. b4 Qd8 14. Bf4 Nxf4
15. exf4 e6 16. Nh4 Bxb4 17. Nxf5 exf5 18. Qc2 Qd6 19. a3 Bxa3 20. Rxa3 Qxa3
21. Qxc6+ Kf7 22. Qd7+ Kg6 23. g4 fxg4 24. Nc5 Qf3 25. Ne6 Rhg8 26. Rb1 Rae8
27. Nxg7 Rb8 28. f5+ Kh6 29. Re1 Rxg7 30. Qd6 Rgb7 31. Qxf6+ Kh5 32. Qe5 Rb2
33. f6+ Kg6 34. Rf1 Rxf2 0-1

[Event "Mittelfr. Einzelmeisterschaft 2024 - HT"]
[Site "Nürnberg"]
[Date "2024.03.31"]
[Round "6.4"]
[White "Auburger, Philipp"]
[Black "Kanewski, Josef"]
[Result "1/2-1/2"]
[WhiteElo "1990"]
[BlackElo "1975"]
[PlyCount "48"]
[EventDate "2024.??.??"]
[WhiteTeam "SC Forchheim e.V."]
[BlackTeam "SC Schwarz-Weiß Nürnberg Süd e.V"]

1. e4 c5 2. c3 d5 3. exd5 Qxd5 4. d4 e6 5. Nf3 cxd4 6. cxd4 Nf6 7. Nc3 Qd6 8.
Bd3 Nc6 9. O-O Be7 10. Bg5 O-O 11. Nb5 Qd8 12. Qd2 b6 13. Rac1 Bb7 14. Bb1 a6
15. Nc3 Nb4 16. Ne5 Nbd5 17. Qe2 Rc8 18. Rfd1 Qd6 19. Bxf6 Nxf6 20. Qd3 Rfd8
21. a3 g6 22. Qh3 Bf8 23. Ba2 Bg7 24. Re1 Nd5 1/2-1/2

[Event "Mittelfr. Einzelmeisterschaft 2024 - HT"]
[Site "Nürnberg"]
[Date "2024.03.31"]
[Round "6.5"]
[White "Mederer, Lukas"]
[Black "Link, Andreas"]
[Result "1/2-1/2"]
[WhiteElo "1901"]
[BlackElo "2064"]
[PlyCount "76"]
[EventDate "2024.??.??"]
[WhiteTeam "Allersberger SC 2000 e.V."]
[BlackTeam "Spvg Zabo-Eintracht Nürnberg e.V"]

1. e4 c5 2. c3 Nf6 3. e5 Nd5 4. Bc4 Nb6 5. Bb3 e6 6. d4 cxd4 7. cxd4 d6 8. Ne2
dxe5 9. dxe5 Qxd1+ 10. Bxd1 Nc6 11. Bf4 Nc4 12. Bc2 N4xe5 13. Nbc3 Bd7 14. O-O
Bd6 15. Nb5 Bb8 16. Rad1 Ke7 17. Be3 b6 18. Be4 f5 19. Bg5+ Ke8 20. Bxc6 Nxc6
21. Nd6+ Bxd6 22. Rxd6 Rc8 23. Rfd1 Rc7 24. f4 h6 25. Bh4 Ne7 26. Nd4 Ng6 27.
Nxf5 exf5 28. Rxg6 Kf7 29. Rgd6 Be6 30. a3 Rc2 31. R1d2 Rhc8 32. h3 R8c4 33.
Bg3 g5 34. fxg5 hxg5 35. Be5 Rc1+ 36. Kf2 Re4 37. Re2 Rxe2+ 38. Kxe2 Rc5
1/2-1/2

[Event "Mittelfr. Einzelmeisterschaft 2024 - HT"]
[Site "Nürnberg"]
[Date "2024.03.31"]
[Round "6.6"]
[White "Redzepovic, Irfan"]
[Black "Alf, Michael"]
[Result "1/2-1/2"]
[WhiteElo "2047"]
[BlackElo "2028"]
[PlyCount "112"]
[EventDate "2024.??.??"]
[WhiteTeam "SC Schwarz-Weiß Nürnberg Süd e.V"]
[BlackTeam "SK Leutershausen"]

1. Nf3 Nf6 2. d4 g6 3. b3 Bg7 4. Bb2 O-O 5. Nbd2 d5 6. e3 c6 7. Bd3 a5 8. a3
Na6 9. c4 Bg4 10. Qc2 Bxf3 11. Nxf3 e6 12. h4 Nd7 13. h5 f5 14. hxg6 hxg6 15.
O-O-O Qe7 16. Nh4 Kf7 17. g4 Rh8 18. Ng2 Nc7 19. f3 Rxh1 20. Rxh1 Rh8 21. Rxh8
Bxh8 22. Qc3 a4 23. Qa5 Ne8 24. gxf5 gxf5 25. cxd5 cxd5 26. Qxa4 Bg7 27. Qb5
Nd6 28. Qb4 Bf8 29. Qe1 Qg5 30. Qh1 Bg7 31. Qh2 Bf8 32. Nf4 Nf6 33. Bc3 Nde8
34. b4 Bd6 35. Bd2 Bxf4 36. exf4 Qg7 37. Qe2 Qg1+ 38. Kc2 Qxd4 39. Bc3 Qxf4 40.
Be5 Qh4 41. Kc3 Nd7 42. Bd4 Qf4 43. Bb5 e5 44. Bf2 Nef6 45. Kb3 Nf8 46. Be3 Qh4
47. Qc2 d4 48. Bf2 Qh2 49. Qc7+ Kg6 50. Bxd4 Qf4 51. Qxe5 Qxf3+ 52. Ka4 N8h7
53. Be8+ Kg5 54. Be3+ Kg4 55. Bb5 Qd1+ 56. Ka5 Qd8+ 1/2-1/2

[Event "Mittelfr. Einzelmeisterschaft 2024 - HT"]
[Site "Nürnberg"]
[Date "2024.03.31"]
[Round "6.7"]
[White "König, Oliver"]
[Black "Kroneder, Christian"]
[Result "1/2-1/2"]
[WhiteElo "2011"]
[BlackElo "2034"]
[PlyCount "98"]
[EventDate "2024.??.??"]
[WhiteTeam "SGem 1882 Fürth"]
[BlackTeam "SK Schwanstetten 79 e.V."]

1. d4 d5 2. Nc3 Nf6 3. Bf4 c5 4. e4 cxd4 5. Qxd4 Nc6 6. Qa4 e5 7. Bxe5 Bd7 8.
Bxf6 Qxf6 9. O-O-O O-O-O 10. exd5 Bc5 11. dxc6 Bxc6 12. Bb5 Qg5+ 13. Kb1 Rxd1+
14. Nxd1 Bxg2 15. Bd7+ Kc7 16. Nh3 Qe5 17. Rg1 Rd8 18. Qf4 Qxf4 19. Nxf4 Bf3
20. Nd3 Rxd7 21. Nc3 Bd6 22. Nb5+ Kb6 23. Nxd6 Rxd6 24. Rxg7 Rg6 25. Rxf7 Rg1+
26. Nc1 Be4 27. Rf4 Bg6 28. b3 Rd1 29. Rf3 a5 30. a4 Rh1 31. h3 Be4 32. Rf4 Bg6
33. h4 Rd1 34. f3 Rd2 35. Rc4 Rf2 36. Rc3 Rh2 37. f4 Rxh4 38. Rf3 Bf5 39. Nd3
h5 40. Kb2 Rh2 41. Kc3 h4 42. Re3 h3 43. Re5 Bg4 44. Rb5+ Kc7 45. Rxa5 Rg2 46.
Ra8 Bc8 47. Ra5 Bg4 48. Ra8 Bc8 49. Ra5 Bg4 1/2-1/2

[Event "Mittelfr. Einzelmeisterschaft 2024 - HT"]
[Site "Nürnberg"]
[Date "2024.03.31"]
[Round "6.8"]
[White "Vennemann, Jürgen"]
[Black "Zeltner, Ottmar"]
[Result "1-0"]
[WhiteElo "1896"]
[BlackElo "1972"]
[PlyCount "65"]
[EventDate "2024.??.??"]
[WhiteTeam "SC Hersbruck"]
[BlackTeam "SK Rothenburg e.V."]

1. e4 e5 2. Nf3 Nc6 3. Be2 Nf6 4. d3 Bc5 5. c3 d6 6. b4 Bb6 7. O-O O-O 8. Nbd2
a6 9. Nc4 Ba7 10. Be3 b5 11. Bxa7 bxc4 12. Be3 cxd3 13. Bxd3 Ne7 14. h3 Ng6 15.
a4 Nh5 16. Re1 Nhf4 17. Bf1 Bb7 18. g3 Ne6 19. Qd3 Ne7 20. Nh4 Qd7 21. b5 axb5
22. axb5 Rxa1 23. Rxa1 Ra8 24. Rxa8+ Bxa8 25. Nf3 Nf8 26. Qc4 h6 27. Kg2 d5 28.
Qa2 Bb7 29. Nxe5 Qe6 30. Bd4 dxe4 31. Qa7 Bc8 32. Qxc7 Nd5 33. Qc6 1-0

[Event "Mittelfr. Einzelmeisterschaft 2024 - HT"]
[Site "Nürnberg"]
[Date "2024.03.31"]
[Round "7.1"]
[White "Ammon, Tobias"]
[Black "Rosenboom, Niko"]
[Result "1-0"]
[WhiteElo "2184"]
[BlackElo "1899"]
[PlyCount "123"]
[EventDate "2024.??.??"]
[WhiteTeam "SV Altensittenbach"]
[BlackTeam "SGem 1882 Fürth"]

1. e4 c5 2. Nf3 e6 3. c3 Nf6 4. e5 Nd5 5. d4 cxd4 6. cxd4 d6 7. Bc4 Nc6 8. O-O
Be7 9. Qe2 O-O 10. Nc3 Nxc3 11. bxc3 dxe5 12. dxe5 Qc7 13. Bd3 b6 14. Re1 Bb7
15. Ng5 g6 16. Nxh7 Nxe5 17. Nxf8 Nxd3 18. Qxd3 Qc6 19. Qh3 Bxf8 20. Bg5 Bg7
21. Rad1 Qxc3 22. Qxc3 Bxc3 23. Re3 Bg7 24. Rd8+ Rxd8 25. Bxd8 b5 26. Rd3 Bd5
27. Ra3 Bd4 28. Be7 f5 29. Ra6 Kf7 30. Bg5 Bb6 31. Be3 Bb7 32. Ra3 Bxe3 33.
Rxe3 a5 34. Ra3 a4 35. Rc3 Bd5 36. a3 Ke7 37. Rc5 Bc4 38. f3 Kd6 39. Rc8 Kd5
40. Rd8+ Kc5 41. Kf2 b4 42. Rc8+ Kd4 43. axb4 a3 44. b5 a2 45. Ra8 Bd5 46. Ra7
Kc5 47. Ke3 Kxb5 48. Kd2 Kc5 49. f4 Kd4 50. Ra4+ Bc4 51. g3 Kc5 52. Kc3 Bd5 53.
Kb2 Kd6 54. Ra7 e5 55. Ra6+ Ke7 56. fxe5 g5 57. h4 gxh4 58. gxh4 Bf7 59. Rf6 f4
60. Rxf4 Ke6 61. Rxf7 Kxf7 62. h5 1-0